000 00551nam a2200193Ia 4500
005 20260114185627.0
008 008 260114s9999 xx 000 0 eng d
020 _a9781474291743
037 _aEBOOK
040 _aCRL
_beng
_cCRL
041 _aeng
_2eng
084 _qCRL
100 _aGuy Arnold
_9872399
245 4 _aThe Third World Handbook Second Edition
260 _bBloomsbury
_c2016
856 _uhttps://doi.org/10.5040/9781474291743?locatt=label:secondary_bloomsburyCollections
942 _cEBOOK
999 _c1471347
_d1471347